00642 2200229 4500001002100000005001700021008004100038020001800079035002400097090001900121100002300140245006900163250001100232260003800243300002400281500003100305650002500336850001500361980001500376985000600391999001500397YOGYA-0209000000169420090227020450.0 ind  a979-414-593-9 0010-020900000001694 a346.013bHar D aHartono, Sunaryati aDari hukum antar golongan ke hukum antar adatcSunaryati Hartono aCet. 4 aBandungbCitra Aditya Baktic1991 axvi, 122 hlmc20 cm aBibliografi : hlm. 120-122 aHukum antar Golongan aYOPDYOG(B) a09-10-2005 a1 a93P0035199